Fr. Conceicao Rodrigues College of Engineering

Communication Skills I (Record no. 26921)

MARC details
000 -LEADER
fixed length control field 00358nam a2200157Ia 4500
082 ## - DEWEY DECIMAL CLASSIFICATION NUMBER
Classification number 302.2
Item number SAM/EAP
100 ## - MAIN ENTRY--PERSONAL NAME
Personal name Sampson/ M.A/ Eapen/S.S
245 ## - TITLE STATEMENT
Title Communication Skills I
260 ## - PUBLICATION, DISTRIBUTION, ETC.
Name of publisher, distributor, etc. Nirali prakashan
Place of publication, distribution, etc. Mumbai
Date of publication, distribution, etc. 1996
300 ## - PHYSICAL DESCRIPTION
Extent 194
546 ## - LANGUAGE NOTE
Language note ENGLISH
650 ## - SUBJECT ADDED ENTRY--TOPICAL TERM
Topical term or geographic name entry element English
654 ## - SUBJECT ADDED ENTRY--FACETED TOPICAL TERMS
Focus term Communication skills I
942 ## - ADDED ENTRY ELEMENTS (KOHA)
Koha item type BOOK
Holdings
Withdrawn status Lost status Damaged status Not for loan Collection Home library Current library Date acquired Total Checkouts Full call number Barcode Date last seen Price effective from Koha item type
        CRC Fr. Agnel's C.Rodrigues College of Engineering Fr. Agnel's C.Rodrigues College of Engineering 17/03/2023   302.2 SAM/EAP 9235 17/03/2023 17/03/2023 BOOK